000 00402nam a2200169Ia 4500
001 21888
003 IN-NITTTR
005 20251114233248.0
008 251113s9999||||xx |||||||||||||| ||eng||
040 _beng
040 _cIN-NITTTR
041 _aeng
082 _a621.3916 H652R
100 _aHobbs, Marvin
245 0 _aRISC/CISC development and test support. /
_cHobbs, Marvin
942 _2ddc
_cBK
999 _c24518
_d24518